[Event "75 Bulgarian Individual Men"]
[Site "Bankya"]
[Date "2011.04.17"]
[Round "9.1"]
[White "Berbatov, Kiprian"]
[Black "Chatalbashev, Boris"]
[Result "1-0"]
[WhiteElo "2454"]
[BlackElo "2602"]
[PlyCount "79"]
[EventDate "2011.04.11"]

1. e4 d6 2. d4 Nf6 3. Nc3 g6 4. Be3 c6 5. Qd2 Nbd7 6. f3 b5 7. g4 Nb6 8. b3 Bb7
9. g5 Nfd7 10. h4 Bg7 11. h5 Rg8 12. a4 b4 13. Nce2 a5 14. c4 c5 15. Rc1 e6 16.
d5 exd5 17. exd5 Qe7 18. h6 Bh8 19. Nh3 O-O-O 20. Kf2 Rde8 21. Rg1 Kb8 22. Nhf4
Ne5 23. Bh3 Ba6 24. Ng2 Nxd5 25. cxd5 Nd3+ 26. Kg3 Qe5+ 27. f4 Qxd5 28. Rc4 Bb7
29. Rd1 Qf3+ 30. Kh2 Rxe3 31. Qxe3 Nb2 32. Qe7 Nxc4 33. bxc4 Qc6 34. Qxf7 Rd8
35. Qxh7 Qe4 36. Ng3 Qc2 37. Qe7 Qxd1 38. Qxd8+ Ka7 39. Qxh8 b3 40. Qc3 1-0

[Event "75 Bulgarian Individual Men"]
[Site "Bankya"]
[Date "2011.04.17"]
[Round "9.2"]
[White "Nikolov, Momchil"]
[Black "Pantev, Veselin"]
[Result "1-0"]
[WhiteElo "2571"]
[BlackElo "2396"]
[PlyCount "125"]
[EventDate "2011.04.11"]

1. d4 Nf6 2. c4 e6 3. Nc3 Bb4 4. Qc2 O-O 5. a3 Bxc3+ 6. Qxc3 Qe8 7. f3 d5 8.
Bg5 Nbd7 9. e3 h6 10. Bh4 dxc4 11. Bxc4 Nd5 12. Qd2 N5b6 13. Ba2 e5 14. Ne2
exd4 15. exd4 c6 16. O-O Nd5 17. Bxd5 cxd5 18. Nf4 Nb6 19. Rfe1 Be6 20. b3 Qb5
21. Nxe6 fxe6 22. Re3 Rac8 23. Rae1 Rfe8 24. a4 Qc6 25. Qe2 Kf7 26. f4 Qc2 27.
Qh5+ Qg6 28. Qxg6+ Kxg6 29. Rxe6+ Rxe6 30. Rxe6+ Kf5 31. Re5+ Kxf4 32. Bg3+ Kg4
33. Be1 g5 34. h3+ Kh5 35. g4+ Kg6 36. Re6+ Kf7 37. Rxh6 Rc1 38. Kf2 Rc2+ 39.
Kf1 Nd7 40. Rh7+ Ke6 41. Bb4 Nb8 42. Re7+ Kf6 43. Rxb7 Nc6 44. Bc5 Na5 45. Rb5
Nc6 46. b4 Rc4 47. Rb7 Nxd4 48. Bxa7 Ke5 49. a5 Nc6 50. Be3 Nxb4 51. Bxg5 d4
52. Bd2 Nd5 53. a6 Ra4 54. a7 Ke4 55. Kf2 Nc3 56. Bxc3 dxc3 57. Rb4+ Rxb4 58.
a8=Q+ Kd3 59. Qf3+ Kc2 60. g5 Kb2 61. Qf6 Kb3 62. Ke2 Re4+ 63. Kd3 1-0

[Event "75 Bulgarian Individual Men"]
[Site "Bankya"]
[Date "2011.04.17"]
[Round "9.3"]
[White "Ninov, Nikolai"]
[Black "Delchev, Aleksander"]
[Result "1/2-1/2"]
[WhiteElo "2543"]
[BlackElo "2625"]
[PlyCount "60"]
[EventDate "2011.04.11"]

1. e4 e5 2. Nf3 Nf6 3. d4 Nxe4 4. Bd3 d5 5. Nxe5 Nd7 6. Nxd7 Bxd7 7. O-O Bd6 8.
c4 c6 9. cxd5 cxd5 10. Nc3 Nxc3 11. bxc3 O-O 12. Qh5 g6 13. Qxd5 Qc7 14. Bh6
Rfd8 15. Qf3 Qxc3 16. Qf6 Bf8 17. Bxf8 Rxf8 18. Be4 Bc6 19. Rac1 Qa5 20. Bxc6
bxc6 21. Rxc6 Qxa2 22. Ra6 Qd2 23. Rfa1 Rad8 24. R6a2 Qxd4 25. Qxd4 Rxd4 26.
Rxa7 Rfd8 27. g3 Rd1+ 28. Rxd1 Rxd1+ 29. Kg2 h5 30. h4 Kg7 1/2-1/2

[Event "75 Bulgarian Individual Men"]
[Site "Bankya"]
[Date "2011.04.17"]
[Round "9.4"]
[White "Arnaudov, G  Petar"]
[Black "Nikolov, Sasho"]
[Result "1-0"]
[WhiteElo "2453"]
[BlackElo "2429"]
[PlyCount "171"]
[EventDate "2011.04.11"]

1. c4 g6 2. d4 Bg7 3. Nc3 d6 4. e4 Nc6 5. Be3 e5 6. d5 Nd4 7. Nge2 Nxe2 8. Bxe2
Bh6 9. Bxh6 Nxh6 10. Qd2 Ng4 11. h3 Nf6 12. O-O O-O 13. f4 exf4 14. Qxf4 Nd7
15. Bg4 Qe7 16. Bxd7 Bxd7 17. c5 Kg7 18. Rf3 Rae8 19. Raf1 f6 20. a3 Qe5 21.
Qe3 dxc5 22. Qxc5 b6 23. Qc4 Rf7 24. R3f2 Qd6 25. Rd1 Re5 26. Rfd2 Rfe7 27. Rf2
h5 28. Rdf1 f5 29. exf5 Bxf5 30. Re2 Rxe2 31. Nxe2 Qe5 32. Nc3 Qe3+ 33. Rf2
Bxh3 34. gxh3 Qg3+ 35. Kf1 Qxh3+ 36. Kg1 Qg3+ 37. Kf1 Qh3+ 38. Kg1 Re1+ 39. Rf1
Qg3+ 40. Kh1 Qh3+ 41. Kg1 Qg3+ 42. Kh1 h4 43. Qd4+ Kh7 44. Rxe1 Qxe1+ 45. Qg1
Qd2 46. Qg2 Qc1+ 47. Kh2 Qf4+ 48. Kh3 Kh6 49. Qg4 Qe3+ 50. Kg2 Qd2+ 51. Qe2
Qg5+ 52. Kh1 Qc1+ 53. Nd1 Kg5 54. Kg2 Qf4 55. Nf2 Kh6 56. Ne4 Qe5 57. Kh3 g5
58. Qf3 Kg6 59. Kg4 h3 60. Kxh3 Qxb2 61. Kg4 Qe5 62. Ng3 Qf6 63. Qe4+ Kf7 64.
Qh7+ Ke8 65. Nf5 Kd8 66. d6 cxd6 67. Qxa7 d5 68. Qb8+ Kd7 69. Qb7+ Kd8 70.
Qxd5+ Kc7 71. Nd4 Kb8 72. Qd7 Qf4+ 73. Kh5 Qc7 74. Qe8+ Kb7 75. Qe4+ Kb8 76. a4
Qc5 77. Nb5 Kc8 78. Qe8+ Kb7 79. Qd7+ Kb8 80. Nd6 g4+ 81. Kxg4 Qd4+ 82. Kf5
Qd5+ 83. Kf6 Qd4+ 84. Kf7 Qd5+ 85. Kf8 Qc5 86. Qb7# 1-0

[Event "75 Bulgarian Individual Men"]
[Site "Bankya"]
[Date "2011.04.17"]
[Round "9.5"]
[White "Radulski, Julian"]
[Black "Popchev, Milko"]
[Result "1-0"]
[WhiteElo "2586"]
[BlackElo "2465"]
[PlyCount "103"]
[EventDate "2011.04.11"]

1. e4 c5 2. Nf3 d6 3. d4 cxd4 4. Nxd4 e5 5. Bb5+ Nd7 6. Nf3 Ngf6 7. Nc3 Be7 8.
O-O O-O 9. Re1 a6 10. Bf1 Nb6 11. a4 Be6 12. a5 Nc8 13. h3 h6 14. Nd5 Nxd5 15.
exd5 Bd7 16. c4 f5 17. b4 Bf6 18. Bb2 e4 19. Nd4 Be5 20. Qd2 Qf6 21. f4 exf3
22. Rxe5 Qxe5 23. Ne6 Qg3 24. Nxf8 Kxf8 25. Ra3 Qg5 26. Qxg5 hxg5 27. Rxf3 Ne7
28. Bc1 f4 29. h4 Bg4 30. Rf2 Ng6 31. hxg5 Ke7 32. Bxf4 Rf8 33. Bg3 Rf5 34.
Rxf5 Bxf5 35. Kf2 Kd7 36. Ke3 Ne7 37. Be1 Bb1 38. g4 g6 39. Bc3 Bc2 40. Be2 Bb1
41. Bd1 Kc7 42. Bf6 Nc8 43. Bd4 Ba2 44. Kd3 Bb1+ 45. Kc3 Be4 46. Bf2 Bb1 47.
Bg3 Ne7 48. Kd4 Nc8 49. c5 Kd7 50. Bxd6 Nxd6 51. cxd6 Kxd6 52. Bf3 1-0

[Event "75 Bulgarian Individual Men"]
[Site "Bankya"]
[Date "2011.04.17"]
[Round "9.6"]
[White "Spasov, Vasil"]
[Black "Lalev, Dimitar"]
[Result "1-0"]
[WhiteElo "2590"]
[BlackElo "2389"]
[PlyCount "111"]
[EventDate "2011.04.11"]

1. e4 c5 2. Nf3 Nc6 3. d4 cxd4 4. Nxd4 Nf6 5. Nc3 d6 6. Bg5 e6 7. Qd2 Be7 8.
O-O-O O-O 9. Kb1 Qb6 10. Be3 Qc7 11. Ncb5 Qb8 12. Nxc6 bxc6 13. Nxd6 Rd8 14. e5
Ne4 15. Qa5 Nxd6 16. exd6 Rxd6 17. Bc4 Bd7 18. g3 Be8 19. a3 Qb7 20. Rxd6 Bxd6
21. Rd1 Qc7 22. Qa6 Be7 23. Rd3 c5 24. Rb3 Rb8 25. Bf4 e5 26. Rxb8 Qxb8 27. Be3
Kf8 28. h4 Bd7 29. Bb3 Bb5 30. Qa5 Qb6 31. Qc3 Bd6 32. Qd2 Qc7 33. Qd5 Be8 34.
Qe4 g6 35. Bh6+ Ke7 36. Bg7 Qc6 37. Bd5 Qa4 38. Bxe5 Qxe4 39. Bxd6+ Kxd6 40.
Bxe4 Ke5 41. Bb7 f6 42. b4 c4 43. c3 g5 44. Bf3 gxh4 45. gxh4 f5 46. Be2 Kd5
47. Kc1 f4 48. Kd2 Ba4 49. Bd1 Be8 50. Bc2 h6 51. Bh7 Bf7 52. Bf5 Be8 53. Bc8
Ba4 54. Ke2 Ke5 55. Ba6 Bb3 56. Bb5 1-0

[Event "75 Bulgarian Individual Men"]
[Site "Bankya"]
[Date "2011.04.17"]
[Round "9.7"]
[White "Enchev, Ivajlo"]
[Black "Rusev, Krasimir"]
[Result "1/2-1/2"]
[WhiteElo "2431"]
[BlackElo "2536"]
[PlyCount "67"]
[EventDate "2011.04.11"]

1. d4 Nf6 2. c4 e6 3. Nf3 d5 4. g3 Be7 5. Bg2 O-O 6. O-O dxc4 7. Qc2 a6 8. a4
Bd7 9. Ne5 Bc6 10. Nxc6 Nxc6 11. e3 Na5 12. Nd2 c5 13. dxc5 Rc8 14. b4 cxb3 15.
Nxb3 Nxb3 16. Qxb3 Bxc5 17. Qxb7 a5 18. Bb2 Rb8 19. Bxf6 Qxf6 20. Qa6 Bb4 21.
Rac1 Rfd8 22. Rfd1 g6 23. Qc4 Rxd1+ 24. Rxd1 Rd8 25. Rxd8+ Qxd8 26. Qc2 Qd2 27.
Qxd2 Bxd2 28. Kf1 Kg7 29. Ke2 Bb4 30. f4 Kf6 31. g4 Ke7 32. Kd3 f5 33. gxf5
exf5 34. Bd5 1/2-1/2

[Event "75 Bulgarian Individual Men"]
[Site "Bankya"]
[Date "2011.04.18"]
[Round "10.1"]
[White "Chatalbashev, Boris"]
[Black "Rusev, Krasimir"]
[Result "1/2-1/2"]
[WhiteElo "2602"]
[BlackElo "2536"]
[PlyCount "36"]
[EventDate "2011.04.11"]

1. d4 f5 2. Nf3 g6 3. h4 Nf6 4. h5 Nxh5 5. e4 fxe4 6. Rxh5 exf3 7. Qxf3 d6 8.
Bd3 gxh5 9. Qxh5+ Kd7 10. Bf5+ e6 11. Bxe6+ Kxe6 12. d5+ Kd7 13. Qf5+ Ke8 14.
Qh5+ Kd7 15. Qh3+ Ke8 16. Qh5+ Kd7 17. Qh3+ Ke8 18. Qh5+ Kd7 1/2-1/2

[Event "75 Bulgarian Individual Men"]
[Site "Bankya"]
[Date "2011.04.18"]
[Round "10.2"]
[White "Lalev, Dimitar"]
[Black "Enchev, Ivajlo"]
[Result "0-1"]
[WhiteElo "2389"]
[BlackElo "2431"]
[PlyCount "64"]
[EventDate "2011.04.11"]

1. d4 Nf6 2. c4 e6 3. Nc3 Bb4 4. e3 b6 5. Bd3 Bb7 6. Nf3 Ne4 7. Qc2 Bxc3+ 8.
bxc3 f5 9. O-O O-O 10. Ne1 c5 11. a4 Nc6 12. Bxe4 fxe4 13. Qxe4 Na5 14. Qg4 Rf6
15. Qe2 Ba6 16. Nd3 Bxc4 17. Ba3 Nb3 18. Rab1 d5 19. dxc5 bxc5 20. Rfe1 Qe8 21.
Qd1 Bxd3 22. Qxd3 c4 23. Qe2 Qxa4 24. Bd6 Qc6 25. Be5 Rf7 26. Qg4 a5 27. h4 Nc5
28. Re2 Nd3 29. Bg3 a4 30. Ra2 e5 31. Rba1 Rd7 32. Qe2 a3 0-1

[Event "75 Bulgarian Individual Men"]
[Site "Bankya"]
[Date "2011.04.18"]
[Round "10.3"]
[White "Popchev, Milko"]
[Black "Spasov, Vasil"]
[Result "1/2-1/2"]
[WhiteElo "2465"]
[BlackElo "2590"]
[PlyCount "69"]
[EventDate "2011.04.11"]

1. d4 Nf6 2. c3 e6 3. Bf4 c5 4. e3 Nc6 5. Nf3 d5 6. Nbd2 Bd6 7. Bxd6 Qxd6 8.
Be2 O-O 9. O-O e5 10. dxe5 Nxe5 11. Nxe5 Qxe5 12. Nf3 Qe7 13. Re1 Rd8 14. Qa4
h6 15. Rad1 Bf5 16. Nd2 Ne4 17. Nxe4 Bxe4 18. f3 Bf5 19. Bd3 Be6 20. Qf4 Qd6
21. Qxd6 Rxd6 22. Rd2 Rad8 23. Bb1 Kf8 24. Red1 Ke7 25. Kf2 a5 26. a3 h5 27. e4
dxe4 28. Rxd6 Rxd6 29. Rxd6 Kxd6 30. Bxe4 Bd5 31. Bd3 h4 32. g3 hxg3+ 33. hxg3
g5 34. Ke3 b6 35. f4 1/2-1/2

[Event "75 Bulgarian Individual Men"]
[Site "Bankya"]
[Date "2011.04.18"]
[Round "10.4"]
[White "Nikolov, Sasho"]
[Black "Radulski, Julian"]
[Result "0-1"]
[WhiteElo "2429"]
[BlackElo "2586"]
[PlyCount "82"]
[EventDate "2011.04.11"]

1. e4 e5 2. Nf3 Nc6 3. Bb5 a6 4. Ba4 Nf6 5. O-O Be7 6. Re1 b5 7. Bb3 d6 8. c3
O-O 9. h3 Na5 10. Bc2 c5 11. d4 Qc7 12. Nbd2 Re8 13. Nf1 g6 14. Ng3 Bf8 15. a4
b4 16. cxb4 cxb4 17. Bg5 Bg7 18. Rc1 Qb6 19. Bb1 exd4 20. Qxd4 Qxd4 21. Nxd4
Nd7 22. Rcd1 Nc5 23. Nc2 b3 24. Ne3 Nxa4 25. Rxd6 Nxb2 26. Nd5 Nac4 27. Ne7+
Kf8 28. Nxc8 Rexc8 29. Rd7 a5 30. f4 a4 31. e5 a3 32. Be4 a2 33. Bd5 Kg8 34.
Rxf7 Kh8 35. Bxa8 Rxa8 36. Rb7 Nd3 37. Ra1 Ndxe5 38. fxe5 Bxe5 39. Ne4 Bxa1 40.
Nf6 Bd4+ 41. Kh2 Ra7 0-1

[Event "75 Bulgarian Individual Men"]
[Site "Bankya"]
[Date "2011.04.18"]
[Round "10.5"]
[White "Delchev, Aleksander"]
[Black "Arnaudov, G  Petar"]
[Result "1/2-1/2"]
[WhiteElo "2625"]
[BlackElo "2453"]
[PlyCount "66"]
[EventDate "2011.04.11"]

1. d4 Nf6 2. Nf3 e6 3. c4 Nc6 4. g3 Bb4+ 5. Bd2 a5 6. Bg2 d6 7. O-O Bxd2 8.
Qxd2 O-O 9. Rd1 Bd7 10. Nc3 Re8 11. Rac1 h6 12. b3 e5 13. dxe5 dxe5 14. Ne1 Bg4
15. h3 Bf5 16. g4 Bd7 17. Ne4 Nxe4 18. Qxd7 Nc5 19. Qxd8 Raxd8 20. Rd5 Nd4 21.
Kf1 Rxd5 22. Bxd5 e4 23. Rd1 Ndxb3 24. f3 c6 25. fxe4 cxd5 26. exd5 a4 27. axb3
Nxb3 28. Nc2 Kf8 29. d6 Ra8 30. Na3 Ke8 31. Rd5 Ra5 32. Rd3 Kd7 33. Nb5 a3
1/2-1/2

[Event "75 Bulgarian Individual Men"]
[Site "Bankya"]
[Date "2011.04.18"]
[Round "10.6"]
[White "Pantev, Veselin"]
[Black "Ninov, Nikolai"]
[Result "1/2-1/2"]
[WhiteElo "2396"]
[BlackElo "2543"]
[PlyCount "66"]
[EventDate "2011.04.11"]

1. d4 Nf6 2. Nf3 e6 3. g3 b5 4. Bg2 Bb7 5. O-O c5 6. c3 Qb6 7. Be3 Nc6 8. a4
bxa4 9. Qxa4 Nd5 10. dxc5 Bxc5 11. Bxc5 Qxc5 12. Nbd2 Nb6 13. Qh4 Qe7 14. Qh5
O-O 15. b4 Rfc8 16. Rfc1 d6 17. g4 Nd5 18. Ng5 h6 19. Bxd5 exd5 20. Ngf3 d4 21.
cxd4 Qxe2 22. Re1 Qd3 23. Re3 Qg6 24. Qxg6 fxg6 25. b5 Nb4 26. Re7 Bxf3 27.
Nxf3 Nd5 28. Rexa7 Rxa7 29. Rxa7 Rc1+ 30. Kg2 Nf4+ 31. Kg3 Ne2+ 32. Kg2 Nf4+
33. Kg3 Ne2+ 1/2-1/2

[Event "75 Bulgarian Individual Men"]
[Site "Bankya"]
[Date "2011.04.18"]
[Round "10.7"]
[White "Berbatov, Kiprian"]
[Black "Nikolov, Momchil"]
[Result "0-1"]
[WhiteElo "2454"]
[BlackElo "2571"]
[PlyCount "72"]
[EventDate "2011.04.11"]

1. e4 c5 2. Nf3 e6 3. d4 cxd4 4. Nxd4 a6 5. Nc3 Qc7 6. Bd3 Nf6 7. O-O d6 8. f4
Be7 9. Kh1 Nbd7 10. Qe2 Nc5 11. e5 Nfd7 12. Nd5 exd5 13. exd6 Qxd6 14. Nf5 Qf6
15. Re1 Ne6 16. g4 g6 17. g5 Qxf5 18. Bxf5 gxf5 19. Qd3 b6 20. Qxf5 Bb7 21. Qg4
Nec5 22. Kg1 Kd8 23. Be3 Rg8 24. Qh5 Kc7 25. Qxf7 Bd6 26. Qxh7 Rh8 27. Qf5 Rag8
28. Bd4 Rh4 29. Rf1 Rf8 30. Qg6 Bxf4 31. Rf2 Ne4 32. Rg2 Nxg5 33. Rf1 Bxh2+ 34.
Rxh2 Rg4+ 35. Rg2 Nh3+ 36. Kh2 Rxg6 0-1

[Event "75 Bulgarian Individual Men"]
[Site "Bankya"]
[Date "2011.04.19"]
[Round "11.1"]
[White "Nikolov, Momchil"]
[Black "Chatalbashev, Boris"]
[Result "1/2-1/2"]
[WhiteElo "2571"]
[BlackElo "2602"]
[PlyCount "61"]
[EventDate "2011.04.11"]

1. d4 d6 2. e4 Nf6 3. f3 c5 4. d5 e6 5. c4 b5 6. Nc3 b4 7. Nce2 exd5 8. cxd5
Nh5 9. Ng3 Qh4 10. Bb5+ Nd7 11. N1e2 Rb8 12. Qa4 Nxg3 13. Nxg3 g6 14. a3 Bg7
15. O-O a6 16. Bxa6 O-O 17. Bxc8 Nb6 18. Qb3 Rfxc8 19. axb4 cxb4 20. Ra6 Qe7
21. Qxb4 Nc4 22. Qe1 Qb7 23. Rc6 Rxc6 24. dxc6 Qxc6 25. Kh1 Nxb2 26. Qe2 Qc4
27. Qxc4 Nxc4 28. Bf4 Be5 29. Bxe5 dxe5 30. Rc1 Nd6 31. h4 1/2-1/2

[Event "75 Bulgarian Individual Men"]
[Site "Bankya"]
[Date "2011.04.19"]
[Round "11.2"]
[White "Ninov, Nikolai"]
[Black "Berbatov, Kiprian"]
[Result "0-1"]
[WhiteElo "2543"]
[BlackElo "2454"]
[PlyCount "128"]
[EventDate "2011.04.11"]

1. e4 c5 2. Nf3 d6 3. d4 cxd4 4. Nxd4 Nf6 5. Nc3 a6 6. Be2 e6 7. f4 Qc7 8. O-O
Be7 9. a4 O-O 10. Kh1 b6 11. Bf3 Bb7 12. e5 dxe5 13. fxe5 Nfd7 14. Bxb7 Qxb7
15. Bf4 Nc6 16. Qf3 Rfc8 17. Rad1 Ra7 18. Nxc6 Qxc6 19. Rd4 Qxf3 20. gxf3 f6
21. exf6 Bxf6 22. Rd6 Bxc3 23. bxc3 e5 24. Bg3 Rxc3 25. Rfd1 Nc5 26. Rxb6 Nxa4
27. Rb4 Nc5 28. Bxe5 Rxf3 29. Rd8+ Kf7 30. Bd4 Ne6 31. Bxa7 Nxd8 32. Bb6 Ne6
33. Ra4 Rc3 34. Rxa6 Rxc2 35. Be3 Re2 36. Ra3 g5 37. h3 h5 38. Kg1 h4 39. Kf1
Rb2 40. Ra5 Kf6 41. Ra6 Rb5 42. Kf2 Kf5 43. Kf3 Nc7 44. Ra3 Nd5 45. Bd2 Rb2 46.
Rd3 Nf6 47. Ke3 g4 48. hxg4+ Nxg4+ 49. Ke2 Ne5 50. Rd4 h3 51. Kf2 Ng4+ 52. Kf3
Rb3+ 53. Ke2 h2 54. Rf4+ Ke6 55. Rf1 Rh3 56. Rh1 Kf5 57. Kf1 Rf3+ 58. Kg2 Rf2+
59. Kg3 Rxd2 60. Ra1 Ne3 61. Rh1 Ke4 62. Ra1 Rg2+ 63. Kh3 Kf3 64. Rh1 Rg3+ 0-1

[Event "75 Bulgarian Individual Men"]
[Site "Bankya"]
[Date "2011.04.19"]
[Round "11.3"]
[White "Arnaudov, G  Petar"]
[Black "Pantev, Veselin"]
[Result "1-0"]
[WhiteElo "2453"]
[BlackElo "2396"]
[PlyCount "36"]
[EventDate "2011.04.11"]

1. Nf3 f5 2. g3 Nf6 3. Bg2 e6 4. O-O Be7 5. c4 O-O 6. Nc3 d5 7. d3 c6 8. e3 Bd6
9. e4 Be7 10. exf5 dxc4 11. fxe6 cxd3 12. Re1 Na6 13. Ng5 Nc5 14. Be3 Qd6 15.
Bf4 Qd4 16. Be3 Qb4 17. Qd2 Ng4 18. Nd5 Nb3 1-0

[Event "75 Bulgarian Individual Men"]
[Site "Bankya"]
[Date "2011.04.19"]
[Round "11.4"]
[White "Radulski, Julian"]
[Black "Delchev, Aleksander"]
[Result "1/2-1/2"]
[WhiteElo "2586"]
[BlackElo "2625"]
[PlyCount "61"]
[EventDate "2011.04.11"]

1. e4 e5 2. Nf3 Nc6 3. Bb5 a6 4. Ba4 Nf6 5. O-O Be7 6. Re1 b5 7. Bb3 d6 8. c3
O-O 9. h3 Na5 10. Bc2 c5 11. d4 Qc7 12. d5 Bd7 13. Qe2 Ne8 14. Nbd2 g6 15. Nf1
Ng7 16. Bh6 Nb7 17. g4 f6 18. Ng3 Nd8 19. Kh2 Nf7 20. Be3 Kh8 21. Rg1 c4 22. a4
Rfb8 23. Ra2 Qc8 24. axb5 axb5 25. Ba7 Rb7 26. Rga1 Ne8 27. Qe1 Bf8 28. Be3
Rbb8 29. Ba7 Rb7 30. Be3 Rbb8 31. Ba7 1/2-1/2

[Event "75 Bulgarian Individual Men"]
[Site "Bankya"]
[Date "2011.04.19"]
[Round "11.5"]
[White "Spasov, Vasil"]
[Black "Nikolov, Sasho"]
[Result "1-0"]
[WhiteElo "2590"]
[BlackElo "2429"]
[PlyCount "55"]
[EventDate "2011.04.11"]

1. e4 c5 2. Nf3 d6 3. Bb5+ Nd7 4. d4 cxd4 5. Qxd4 Ngf6 6. Nc3 g6 7. Bg5 Bg7 8.
O-O-O O-O 9. e5 dxe5 10. Nxe5 Qa5 11. Nc4 Qc7 12. Rhe1 Qxh2 13. Rxe7 Qxg2 14.
Qh4 h6 15. Bxh6 Qg4 16. Qh2 Nb6 17. Bxg7 Kxg7 18. Ne5 Qh3 19. Qxh3 Bxh3 20. Rg1
Bf5 21. Rxb7 Nfd5 22. Nxd5 Nxd5 23. Bc4 Rac8 24. Re1 Rc7 25. Bxd5 Rxc2+ 26. Kd1
Rd8 27. Rxf7+ Kh6 28. Rh1+ 1-0

[Event "75 Bulgarian Individual Men"]
[Site "Bankya"]
[Date "2011.04.19"]
[Round "11.6"]
[White "Enchev, Ivajlo"]
[Black "Popchev, Milko"]
[Result "1/2-1/2"]
[WhiteElo "2431"]
[BlackElo "2465"]
[PlyCount "64"]
[EventDate "2011.04.11"]

1. d4 d6 2. c4 e5 3. dxe5 dxe5 4. Qxd8+ Kxd8 5. Nc3 c6 6. Nf3 f6 7. Bd2 Be6 8.
b3 Nd7 9. Ne4 Nc5 10. Nxc5 Bxc5 11. e3 Nh6 12. Be2 Nf7 13. O-O Ke7 14. b4 Bd6
15. c5 Bc7 16. Bc3 Rhd8 17. Nd2 a5 18. a3 axb4 19. axb4 b5 20. Rxa8 Rxa8 21.
Ra1 Rxa1+ 22. Bxa1 Bd5 23. f3 Nd8 24. Kf2 Ne6 25. Bd1 Ba2 26. Bb3 Bxb3 27. Nxb3
Nd8 28. e4 Ke6 29. Bc3 Nf7 30. Bd2 Kd7 31. h4 Ke6 32. g4 g6 1/2-1/2

[Event "75 Bulgarian Individual Men"]
[Site "Bankya"]
[Date "2011.04.19"]
[Round "11.7"]
[White "Rusev, Krasimir"]
[Black "Lalev, Dimitar"]
[Result "1-0"]
[WhiteElo "2536"]
[BlackElo "2389"]
[PlyCount "81"]
[EventDate "2011.04.11"]

1. d4 d5 2. c4 dxc4 3. e3 e5 4. Bxc4 exd4 5. exd4 Nf6 6. Nf3 Be7 7. O-O O-O 8.
Nc3 c6 9. Re1 Nbd7 10. Bb3 Nb6 11. Ne5 Nbd5 12. Qf3 Be6 13. Bg5 Nc7 14. Bc2
Qxd4 15. Rad1 Qb4 16. Bxf6 Bxf6 17. Nd7 Bxd7 18. Rxd7 Nd5 19. a3 Qxb2 20. Qd3
g6 21. Nxd5 cxd5 22. Rb1 Qd4 23. Rbxb7 Rac8 24. g3 Rc3 25. Qe2 Qc4 26. Qxc4
dxc4 27. Be4 Rb3 28. Rxa7 c3 29. Rxf7 Rxf7 30. Rxf7 Kxf7 31. Bd5+ Ke7 32. Bxb3
Kd6 33. Kf1 Kc5 34. Ke2 Kd4 35. h4 g5 36. hxg5 Bxg5 37. Bc2 Kd5 38. f4 Be7 39.
a4 h5 40. g4 h4 41. Kf3 1-0

[Event "75 Bulgarian Individual Men"]
[Site "Bankya"]
[Date "2011.04.20"]
[Round "12.1"]
[White "Chatalbashev, Boris"]
[Black "Lalev, Dimitar"]
[Result "1/2-1/2"]
[WhiteElo "2602"]
[BlackElo "2389"]
[PlyCount "85"]
[EventDate "2011.04.11"]

1. d4 Nf6 2. c4 e6 3. Nc3 d5 4. cxd5 exd5 5. Bg5 c6 6. e3 Bf5 7. Qf3 Bg6 8.
Bxf6 Qxf6 9. Qxf6 gxf6 10. Nge2 Bd6 11. g3 Nd7 12. Nf4 Nb6 13. h4 Bf5 14. O-O-O
Bxf4 15. gxf4 Rg8 16. Be2 Nc8 17. Rhg1 Rxg1 18. Rxg1 Kf8 19. h5 h6 20. Kd2 Nd6
21. f3 Rd8 22. b3 b6 23. Rc1 Ke7 24. Nd1 Bd7 25. Nf2 f5 26. Nd3 Rc8 27. Ne5 Be8
28. Rg1 Kf8 29. b4 b5 30. Kc3 Ra8 31. a4 bxa4 32. Ra1 a5 33. bxa5 Rxa5 34. Kb4
Ra8 35. Kc5 Nb7+ 36. Kb6 Nd8 37. Ba6 Ke7 38. Rxa4 Kd6 39. Rb4 Rb8+ 40. Ka5 Ra8
41. Kb6 Rb8+ 42. Ka5 Ra8 43. Kb6 1/2-1/2

[Event "75 Bulgarian Individual Men"]
[Site "Bankya"]
[Date "2011.04.20"]
[Round "12.2"]
[White "Popchev, Milko"]
[Black "Rusev, Krasimir"]
[Result "1/2-1/2"]
[WhiteElo "2465"]
[BlackElo "2536"]
[PlyCount "62"]
[EventDate "2011.04.11"]

1. d4 d5 2. Bf4 c5 3. e3 e6 4. c3 Nc6 5. Nd2 Nf6 6. Ngf3 Bd6 7. Bxd6 Qxd6 8.
Be2 O-O 9. O-O e5 10. dxe5 Nxe5 11. Nxe5 Qxe5 12. Re1 Rd8 13. Nf1 Be6 14. Bd3
Bf5 15. Ng3 Bxd3 16. Qxd3 Rd7 17. Rad1 Rad8 18. Qf5 Qxf5 19. Nxf5 g6 20. Ng3
Kf8 21. f3 Ke7 22. Kf2 Rd6 23. e4 dxe4 24. Rxd6 Rxd6 25. Nxe4 Nxe4+ 26. Rxe4+
Kd7 27. Ke2 h5 28. Ra4 a6 29. Re4 Rb6 30. b3 Rd6 31. Re3 Rd5 1/2-1/2

[Event "75 Bulgarian Individual Men"]
[Site "Bankya"]
[Date "2011.04.20"]
[Round "12.3"]
[White "Nikolov, Sasho"]
[Black "Enchev, Ivajlo"]
[Result "1/2-1/2"]
[WhiteElo "2429"]
[BlackElo "2431"]
[PlyCount "117"]
[EventDate "2011.04.11"]

1. d4 Nf6 2. Nf3 e6 3. c4 c5 4. d5 exd5 5. cxd5 d6 6. Nc3 g6 7. e4 Bg7 8. h3
O-O 9. Bd3 a6 10. O-O b5 11. Re1 Nbd7 12. Bf4 Qb6 13. a4 c4 14. Bf1 Bb7 15. b4
Ng4 16. Qd2 Bxc3 17. Qxc3 Qxf2+ 18. Kh1 Nge5 19. Re2 Qb6 20. Nd4 bxa4 21. Rxa4
Qd8 22. Qg3 Kh8 23. Bg5 Qb6 24. Be3 Qd8 25. Bh6 Rg8 26. Rf2 f6 27. Be3 Qe7 28.
Ra3 Rac8 29. Qh4 Rgf8 30. Rc3 Rf7 31. Rfc2 Re8 32. Ne6 Nf8 33. Nxf8 Rexf8 34.
Bxc4 Nxc4 35. Rxc4 Bxd5 36. Rd4 Bb7 37. Rcd2 Re8 38. Rxd6 Bxe4 39. Bc5 Qe5 40.
Rxa6 Qc3 41. Rad6 Qa1+ 42. Kh2 Qe5+ 43. Kg1 Qa1+ 44. Rd1 Qa2 45. R6d2 Qa8 46.
Rd7 Qa2 47. Qf2 Qxf2+ 48. Kxf2 Rxd7 49. Rxd7 Ra8 50. g4 Ra3 51. h4 h5 52. gxh5
gxh5 53. Bd4 Kg8 54. b5 Rd3 55. b6 f5 56. Rg7+ Kf8 57. Be5 Rd5 58. b7 Rb5 59.
b8=Q+ 1/2-1/2

[Event "75 Bulgarian Individual Men"]
[Site "Bankya"]
[Date "2011.04.20"]
[Round "12.4"]
[White "Delchev, Aleksander"]
[Black "Spasov, Vasil"]
[Result "1/2-1/2"]
[WhiteElo "2625"]
[BlackElo "2590"]
[PlyCount "91"]
[EventDate "2011.04.11"]

1. c4 g6 2. g3 Bg7 3. Bg2 d6 4. Nc3 Nf6 5. e4 O-O 6. Nge2 c5 7. O-O Nc6 8. d3
Bg4 9. f3 Bd7 10. Be3 a6 11. d4 cxd4 12. Nxd4 Nxd4 13. Bxd4 Rc8 14. b3 b5 15.
Nd5 Nxd5 16. cxd5 Qa5 17. Bxg7 Kxg7 18. Qd4+ f6 19. Rfc1 Qa3 20. Qd2 Rc5 21.
Rxc5 Qxc5+ 22. Kh1 Rc8 23. h4 Qc3 24. Rd1 b4 25. Kh2 h5 26. Qf2 Bb5 27. f4 Rc5
28. Rd4 Qc2 29. Rd2 Qc3 30. Rd4 a5 31. e5 fxe5 32. fxe5 dxe5 33. Rd1 Bd7 34. d6
exd6 35. Rxd6 Bf5 36. Be4 Rc7 37. Bxf5 gxf5 38. Rd5 Qc2 39. Rd7+ Kg6 40. Rd6+
Kg7 41. Rd7+ Kf6 42. Rd6+ Kf7 43. Rd2 Qe4 44. Re2 Qd3 45. Rd2 Qe4 46. Re2
1/2-1/2

[Event "75 Bulgarian Individual Men"]
[Site "Bankya"]
[Date "2011.04.20"]
[Round "12.5"]
[White "Pantev, Veselin"]
[Black "Radulski, Julian"]
[Result "0-1"]
[WhiteElo "2396"]
[BlackElo "2586"]
[PlyCount "150"]
[EventDate "2011.04.11"]

1. d4 d5 2. Nf3 e6 3. g3 Nf6 4. Bg2 Be7 5. O-O O-O 6. Nbd2 c5 7. c4 Nc6 8. cxd5
exd5 9. dxc5 Bxc5 10. Nb3 Bb6 11. Bd2 Ne4 12. Rc1 d4 13. Ne1 Re8 14. Nd3 Qe7
15. Rc2 Bf5 16. Bf4 Rad8 17. Nd2 Nxd2 18. Qxd2 Ba5 19. Qd1 Nb4 20. Rc4 b5 21.
Rc5 Nxd3 22. Rxf5 Nxf4 23. Rxf4 Qxe2 24. Rxd4 Qxb2 25. Bd5 Bb6 26. Rd3 g6 27.
Qf3 Re7 28. Rfd1 Rd6 29. R3d2 Qe5 30. Qb3 Rf6 31. Qxb5 Rf5 32. Kg2 Qf6 33. Qb2
Ree5 34. Ba8 Kg7 35. f4 Re3 36. Qxf6+ Rxf6 37. Bd5 h6 38. Bb3 g5 39. fxg5 hxg5
40. Rf1 Rxf1 41. Kxf1 f5 42. Rd7+ Kf6 43. Rd6+ Ke7 44. Rg6 g4 45. Rh6 Bd4 46.
Rg6 Rf3+ 47. Ke1 Bf2+ 48. Kd1 Re3 49. Bc2 Re5 50. Bb3 Bg1 51. Rh6 a5 52. h3
gxh3 53. Rxh3 Bf2 54. Bc2 Kf6 55. Bd3 Kg5 56. Be2 Rd5+ 57. Kc2 Be1 58. Bd1 Rd2+
59. Kc1 Rg2 60. Bf3 Rf2 61. Bd1 Bb4 62. a4 Ba3+ 63. Kb1 Rb2+ 64. Ka1 Rd2 65.
Bf3 Rf2 66. Bh5 Bd6 67. Kb1 Bxg3 68. Rxg3+ Kxh5 69. Kc1 Ra2 70. Kd1 Rxa4 71.
Ke2 Ra2+ 72. Kf1 f4 73. Rg8 a4 74. Rg7 a3 75. Rg8 Rb2 0-1